00255pam a2200097 a 4500020000500000041000500005082002800010100001500038245006500053260003900118 c h a658.81200000000001bALL aAllen,D.R. aCustomer Satisfaction Research ManagementhTextual Documents aNew DelhibPearson Educationc2005